Organizing a youth ministry to fit your needs. (Record no. 12471)

000 -LEADER
fixed length control field 00747nam a2200217 a 4500
001 - CONTROL NUMBER
control field :::00010273$&:&@@
003 - CONTROL NUMBER IDENTIFIER
control field OkBaRHE
005 - DATE AND TIME OF LATEST TRANSACTION
control field 20100401165008.0
008 - FIXED-LENGTH DATA ELEMENTS--GENERAL INFORMATION
fixed length control field s1983 j 000 0 eng u
020 ## - INTERNATIONAL STANDARD BOOK NUMBER
International Standard Book Number 0817010041 (pbk.)
040 ## - CATALOGING SOURCE
Transcribing agency
100 1# - MAIN ENTRY--PERSONAL NAME
Personal name Jones, Jeffrey D., and Potts, Kenneth C.
245 10 - TITLE STATEMENT
Title Organizing a youth ministry to fit your needs.
260 ## - PUBLICATION, DISTRIBUTION, ETC. (IMPRINT)
Place of publication, distribution, etc Valley Forge, PA., :
Name of publisher, distributor, etc Judson Press
Date of publication, distribution, etc 1983
300 ## - PHYSICAL DESCRIPTION
Extent 61 p. ;
Dimensions 22 cm.
490 0# - SERIES STATEMENT
Series statement Judson youth ministry series
650 ## - SUBJECT ADDED ENTRY--TOPICAL TERM
Topical term or geographic name as entry element Church work with youth
General subdivision Handbooks, manuals, etc.
700 ## - ADDED ENTRY--PERSONAL NAME
Personal name Potts, Kenneth C., Joint author.
942 ## - ADDED ENTRY ELEMENTS (KOHA)
Source of classification or shelving scheme
Koha item type Books
Copies
Copy number Damaged status Lost status Barcode Date acquired Source of classification or shelving scheme Not for loan Withdrawn status Permanent Location Full call number Shelving location Price effective from Koha item type Date checked out Current Location Total Checkouts Date last seen
1  102732010-04-14   RHEMA Bible Training CollegeBV 4447 .J66 1983General Stacks2010-04-14Books2018-02-02RHEMA Bible Training College12018-02-16